| 000 | 01014cam a22003257a 4500 | ||
|---|---|---|---|
| 003 | CHAP | ||
| 005 | 20220329142652.0 | ||
| 008 | 020906d1999 mx a r 00110 spa d | ||
| 010 | _a86256 | ||
| 011 | _a87228 | ||
| 020 | _a9684630972 | ||
| 035 | _a97771 | ||
| 040 | _cCHAP | ||
| 082 | 0 | 4 |
_a150 _bE5 |
| 100 | 0 | 0 |
_aEisenberg Glantz, Fanny. _935826 |
| 245 | 1 | 0 |
_aPsicología general : _bun enfoque integral _c/por Fanny Eisenberg Glantz |
| 260 |
_aMéxico, D.F. : _bA.G.T., _c1999. |
||
| 300 |
_a147 p. ; _bilus. |
||
| 590 |
_aBATCH-UPD _b10 _c20130110 _lUCH01 _h0941 |
||
| 590 |
_aBATCH-UPD _b10 _c20130410 _lUCH01 _h0557 |
||
| 590 |
_aBATCH-UPD _b10 _c20130914 _lUCH01 _h1026 |
||
| 590 |
_aCONVERSION _b10 _c20130109 _lUCH01 _h1348 |
||
| 650 | 1 | 4 |
_aConducta (Psicología) _926343 |
| 650 | 1 | 4 |
_aConocimiento, Teoría del. _927232 |
| 650 | 1 | 4 |
_aPsicología. _992597 |
| 901 | _aBK | ||
| 905 | _aMayto Villalobos S. | ||
| 942 | _cLIBRO | ||
| 949 |
_a150 E5 _bBC _cLIBRO _d33724000875969 _eLIBRO _h102957 _i97771 _si _t$150.00 |
||
| 999 |
_c86256 _d86256 |
||